Statistics for ♫ Mr. Blue Sky Lyrics - ELO (Electric Light Orchestra) ♫

Click here to take the quiz!

General Stats

  • This quiz has been taken 213 times
  • The average score is 21 of 28

Answer Stats

Lyrical Line % Correct
Sun is shinin' in the {sky},
98%
There ain't a {cloud} in sight
98%
For so {long} where did we go wrong
90%
Mr. Blue Sky, please tell us {why},
89%
Mr. {Blue} {Sky} is living here today.
89%
See how the sun shines {brightly}
88%
Hey there {Mr.} Blue
88%
Welcome to the {human} race
87%
We're so pleased to be with {you}
85%
And don't you {know}
84%
Runnin' down the {avenue},
83%
It's a {beautiful} new day.
83%
Hey you with the {pretty} face,
83%
You had to {hide} away
80%
It's {stopped} rainin'
78%
Look {around} see what you do,
75%
Is the day we've {waited} for
74%
{Everybody}'s in a play
74%
But soon comes Mr. {Night},
68%
Hand is on your {shoulder},
67%
Mr. Blue you did it {right},
67%
Everybody {smiles} at you.
67%
In the {city} on the streets
62%
Never mind I'll {remember} you this way.
60%
Up there waitin' and {today}
55%
{Creepin'} over, now his
52%
Where once was {pity},
43%
A {celebration} Mr. Blue Sky's
34%

Score Distribution

Percentile by Number Answered

Percent of People with Each Score

Your Score History

You have not taken this quiz